000 00508nam a2200181Ia 4500
005 20250326125748.0
008 250326s9999 xx 000 0 und d
037 _aTextbook
040 _aFMSL
_beng
_cFMSL
041 _aeng
_2eng
084 _aX:51ot8 N5
_qFMSL
100 _aSTAUDT
_9739642
245 0 _aManagerial introducation to marketing
_cStaudt; Taylor
260 _aNew Jersey
_bNew Jersey, P H I
_c1965
300 _a516p
942 _cTB
_hX:51ot8 N5
999 _c1279454
_d1279454